Nevěřte zlým snům! /

Hlavní autor: Falk, Anita
Další autoři: Kotrčová, Olga
Jazyk: Čeština
Vydáno: Praha : I. Železný, 1998
Vydání: Vyd. 1.
Edice: Šlechtická romance (velkým písmem)
Knihovnička Večerů pod lampou
Témata:
Fyzický popis: 58 s. ; 18 cm
Knihy
Uloženo v:
LEADER 01302nam a2200373 a 4500
001 000293612
003 CZ BrMZK
005 20240821140242.0
007 ta
008 980115s1998 xr g 000 j cze d
015 |a cnb000318896 
020 |a 80-240-0251-5 
035 |a (OCoLC)39602633 
040 |a BOA001  |b cze 
041 1 |a cze  |h ger 
072 7 |a 821.112.2-3  |x Německá próza, německy psaná  |2 Konspekt  |9 25 
080 |a 821.112.2-32  |2 MRF 
080 |a (0:82-322.5)  |2 MRF 
100 1 |a Falk, Anita  |4 aut 
245 1 0 |a Nevěřte zlým snům! /  |c Anita Falková ; [z němčiny] přeložila Olga Kotrčová 
250 |a Vyd. 1. 
260 |a Praha :  |b I. Železný,  |c 1998 
300 |a 58 s. ;  |c 18 cm 
490 1 |a Šlechtická romance (velkým písmem) ;  |v 137 (7/98) 
490 1 |a Knihovnička Večerů pod lampou ;  |v 3026 
655 7 |a německé povídky  |7 fd132942  |2 czenas 
655 7 |a milostné povídky  |7 fd132834  |2 czenas 
700 1 |a Kotrčová, Olga  |7 mzk2009544389  |4 trl 
765 0 |t Ich hatte einen bösen Traum  |9 Česky 
830 0 |a Šlechtická romance (velkým písmem) 
830 0 |a Knihovnička Večerů pod lampou  |0 s 
910 |a BOA001  |b 1-1042.677 
990 |a BK 
996 6 |b 2610066801  |c 1-1042.677  |l MZK  |r Sklad / do 1 hodiny  |n 1  |p p.v.  |w 000293612  |u 000010  |a 1  |e BOA001  |j MZK50  |s P